000 00569nam a2200193Ia 4500
005 20250507130256.0
008 008 250505s9999 xx 000 0 eng d
037 _aSeries Article
040 _aEASL
_beng
_cEASL
041 _aeng
_2eng
084 _qEASL
100 _aSutton Deborah
_9306516
245 0 _aDevotion,antiquity and colonial custody of the hindu temple in british india
260 _aUK
_bCambridge Cambridge University Press UK
_c2013
300 _a135-166
650 _aAsian Studies
942 _cSRA
999 _c1318717
_d1318717